Fighting in break and other stories / (Record no. 5378)
[ view plain ]
| 000 -LEADER | |
|---|---|
| fixed length control field | 01284nam a22002657a 4500 |
| 001 - CONTROL NUMBER | |
| control field | 5378 |
| 003 - CONTROL NUMBER IDENTIFIER | |
| control field | FISKH |
| 005 - DATE AND TIME OF LATEST TRANSACTION | |
| control field | 20241129122452.0 |
| 008 - FIXED-LENGTH DATA ELEMENTS--GENERAL INFORMATION | |
| fixed length control field | 241129b cb ||||| |||| 00| 0 eng d |
| 020 ## - INTERNATIONAL STANDARD BOOK NUMBER | |
| International Standard Book Number | 9780571146239 |
| 040 ## - CATALOGING SOURCE | |
| Original cataloging agency | FISKH |
| Language of cataloging | eng |
| Transcribing agency | FISKH |
| Modifying agency | FISKH |
| 082 ## - DEWEY DECIMAL CLASSIFICATION NUMBER | |
| Classification number | 823 |
| 100 ## - MAIN ENTRY--PERSONAL NAME | |
| Personal name | Ireson, Barbara |
| 245 ## - TITLE STATEMENT | |
| Title | Fighting in break and other stories / |
| Statement of responsibility, etc. | Edited by Barbara Ireson : illustrated by Susan Hellard |
| 250 ## - EDITION STATEMENT | |
| Edition statement | First published in 1987 |
| 260 ## - PUBLICATION, DISTRIBUTION, ETC. | |
| Place of publication, distribution, etc. | London : |
| Name of publisher, distributor, etc. | Faber and Faber Limited ; |
| Date of publication, distribution, etc. | 1987. |
| 300 ## - PHYSICAL DESCRIPTION | |
| Extent | 117 pages : |
| Other physical details | illustrations ; |
| Dimensions | 23 cm . |
| 505 ## - FORMATTED CONTENTS NOTE | |
| Formatted contents note | S <br/> |
| 520 ## - SUMMARY, ETC. | |
| Summary, etc. | Nicholas and Geoffrey don't really want to fight in break, but their friends are determined that they should. Things turn out unexpectedly for them, as they also do for Rita when she meets the amazing Mrs Pepperpot, for Ovey the 'egg-shaped' boy when he at last gets a chance to show his talents, and for Charlie Robinson when he tries to help a student teacher to liven up her maths lesson. Fighting in Break also includes stories by Robin Klein, Dorothy Edwards, George Layton, Margaret Joy and several others. |
| 521 8# - TARGET AUDIENCE NOTE | |
| Target audience note | 790 <br/> |
| Source | Lexile estimate <br/> |
| 521 8# - TARGET AUDIENCE NOTE | |
| Target audience note | S <br/> |
| Source | Raz-Plus <br/> |
| 700 ## - ADDED ENTRY--PERSONAL NAME | |
| Personal name | Hellard, Susan |
| Relator term | illustrator |
| 942 ## - ADDED ENTRY ELEMENTS (KOHA) | |
| Source of classification or shelving scheme | Dewey Decimal Classification |
| Koha item type | Books |
| Suppress in OPAC | No |
| Withdrawn status | Lost status | Source of classification or shelving scheme | Damaged status | Not for loan | Collection | Home library | Current library | Shelving location | Date acquired | Total Checkouts | Full call number | Barcode | Date last seen | Date last checked out | Price effective from | Koha item type |
|---|---|---|---|---|---|---|---|---|---|---|---|---|---|---|---|---|
| Dewey Decimal Classification | Fiction | Footprints International School Library Network Toul Kork Campus | Footprints International School Library Network Toul Kork Campus | TTP Secondary Fiction Bookshelves | 11/29/2024 | 1 | HEL 823 | FIS00961 | 03/05/2025 | 03/03/2025 | 11/29/2024 | Books |
